Mesoamérica
Guardat en:
| Autors principals: | , , |
|---|---|
| Format: | Llibre |
| Idioma: | espanyol |
| Publicat: |
Madrid
Arlanza
2000
|
| Col·lecció: | Historia de la Humanidad, 19
|
| Matèries: | |
| Etiquetes: |
Afegir etiqueta
Sense etiquetes, Sigues el primer a etiquetar aquest registre!
|
MARC
| LEADER | 00000nam a2200000 a 4500 | ||
|---|---|---|---|
| 001 | UCH1404 | ||
| 003 | CL-VaPUC | ||
| 008 | 090427e20000000SP |||||||||||||||||spa|d | ||
| 020 | |a 8495503123 | ||
| 082 | 0 | 4 | |a 972 |b CIU |2 21 |
| 100 | 0 | |a Ciudad Ruiz, Andrés |e author |9 535889 | |
| 700 | 0 | |a Iglesias Ponce de León, María Josefa |e author |9 535890 | |
| 700 | 0 | |a Rojas, José Luis de |e author |9 535891 | |
| 245 | 1 | 0 | |a Mesoamérica |
| 300 | |a 152 p | ||
| 942 | |c BK | ||
| 945 | |d 20090427 00:00:00 |a rbrito | ||
| 260 | |a Madrid |b Arlanza |c 2000 | ||
| 600 | 0 | 7 | |a MAYAS |2 CL-VaPUC |9 351727 |
| 600 | 0 | 7 | |a AZTECAS |2 CL-VaPUC |9 351728 |
| 650 | 0 | |a Historia de México |9 321806 | |
| 651 | 0 | |a México |9 255269 | |
| 651 | 0 | |a Mesoamérica |9 494004 | |
| 583 | |a last modification |c 20090427 00:00:00 |k Rodrigo Vera | ||
| 490 | 0 | |a Historia de la Humanidad, 19 | |
| 999 | |c 333454 |d 333452 | ||
| 952 | |0 0 |1 0 |4 0 |6 972_000000000000000_CIU_2000 |7 0 |8 A |9 421867 |a BIBHIS |b BIBHIS |d 2019-11-22 |i 4539397 |l 2 |o 972 CIU 2000 |p 4539397 |r 2025-01-20 |s 2022-09-29 |w 2019-11-22 |y BK |k HIS | ||